000 00569nam a2200193Ia 4500
005 20250508163517.0
008 008 250505s9999 xx 000 0 hin d
037 _aDissertations
040 _aFEDL
_beng
_cFEDL
041 _ahin
_2eng
084 _a320.7, SUN/DI
_qFEDL
100 _aSunita
245 0 _aSwatantrata purv va swatantrata pashchat nagrik shastra ke udeshon ka tulnatmak addhyan
260 _c1995
300 _a79p.
546 _aM.Ed Dissertation (Delhi University)
942 _cDIS
_h320.7, SUN/DI
999 _c1383794
_d1383794